000 00291nam a22001337a 4500
008 180904b xxu||||| |||| 00| 0 eng d
020 _a9780155016194
041 _aeng
080 _a710
100 _a45
101 _aART
245 _aArt through the Ages
_cTansey, R.G
942 _2udc
_cBK
999 _c47517
_d47517